Osiedle Kętrzyńskiego (Olsztyn) - Ulice - Statystyki

Ogólne statystyki
  • Ten quiz został rozwiązany 3 razy
    2 od ostatniego zresetowania
  • Średni wynik to 14 z 32
Statystyki odpowiedzi
Litera Ulica % Poprawnych
K Kopernika
100%
K Kościuszki
100%
B Bema
50%
B Bublewicza
50%
B Budowlana
50%
C Cementowa
50%
D Dworcowa
50%
G Grażyny
50%
K Kajki
50%
K Kętrzyńskiego
50%
K Kołobrzeska
50%
K Konstytucji 3 Maja
50%
L Lanca
50%
L Lubelska
50%
M Mazurska
50%
M Mickiewicza
50%
P Partyzantów
50%
P Przemysłowa
50%
S Samulowskiego
50%
S Składowa
50%
S Sprzętowa
50%
S Stalowa
50%
T Towarowa
50%
W Warmińska
50%
Ż Żelazna
50%
Z Zientary-Malewskiej
50%
D Dąbroszczaków
0%
G Głowackiego
0%
J Jasna
0%
M Magazynowa
0%
P Poleskiego
0%
P Pułaskiego
0%
Nie znaleziono quizów pasujących do podanych kryteriów
Rozkład punktacji
Procent ludzi z każdym wynikiem
Percentyl według liczby udzielonych odpowiedzi
Twoja historia wyników
Nie rozwiązałeś tego quizu od ostatniego zresetowania